000 00598nam a2200229Ia 4500
003 OSt
005 20220923214803.0
006 a|||||r|||| 00| 0
007 ta
008 220922b |||||||| |||| 00| 0 hin d
024 _a172,743
037 _cTextual
040 _aARTS
_cARTS
_bhin
041 _2hin
_ahin
082 _aO152:3NRA:11, J4
100 _aरामसागर
_9156280
245 0 _aकर्म-साधना
246 _aKarma-sādhanā
260 _c1954
942 _hO152:3NRA:11, J4
_cTEXL
_2CC
999 _c326751
_d326751